[Event "Cali Region-ch U16"]
[Site "Cali"]
[Date "2011.02.13"]
[Round "7.4"]
[White "Norena, Wilder"]
[Black "Hurtado, Wilson David"]
[Result "0-1"]
[WhiteElo "1652"]
[BlackElo "1807"]
[PlyCount "51"]
[EventDate "2011.02.11"]
[EventType "swiss"]
[EventRounds "7"]
[EventCountry "COL"]
[SourceTitle "EXT 2024"]
[Source "ChessBase"]
[SourceDate "2023.10.10"]
[SourceVersion "1"]
[SourceVersionDate "2023.10.10"]
[SourceQuality "1"]

1. e4 e5 2. Nf3 Nf6 3. Nxe5 d6 4. Nc4 Nxe4 5. d3 Nf6 6. Nc3 Be7 7. g3 Nc6 8. Bg2 Be6 9. Ne3 d5 10. Ne2 Qd7 11. d4 Bh3 12. Bxh3 Qxh3 13. Nf4 Qd7 14. Qf3 0-0-0 15. c3 h5 16. Bd2 Na5 17. Nd3 Nc6 18. Qf5 g6 19. Qxd7+ Rxd7 20. Nc2 Re8 21. 0-0-0 Na5 22. b3 Ne4 23. Be1 Bg5+ 24. Kb1 Nc6 25. f3 Nf6 26. Bf2 0-1

[Event "Cali Region-ch U16"]
[Site "Cali"]
[Date "2011.02.12"]
[Round "3.3"]
[White "Escobar Barona, Juan Fernando"]
[Black "Hurtado, Wilson David"]
[Result "1/2-1/2"]
[WhiteElo "2001"]
[BlackElo "1807"]
[PlyCount "110"]
[EventDate "2011.02.11"]
[EventType "swiss"]
[EventRounds "7"]
[EventCountry "COL"]
[SourceTitle "EXT 2024"]
[Source "ChessBase"]
[SourceDate "2023.10.10"]
[SourceVersion "1"]
[SourceVersionDate "2023.10.10"]
[SourceQuality "1"]

1. e4 e5 2. Nf3 Nf6 3. Nxe5 d6 4. Nf3 Nxe4 5. d4 d5 6. Bd3 Nc6 7. 0-0 Bg4 8. Re1 f5 9. c4 Nb4 10. Be2 Be7 11. Nc3 0-0 12. a3 Nc6 13. Nxd5 Bd6 14. h3 Bh5 15. Bf4 Ne7 16. Bxd6 cxd6 17. Nxe7+ Qxe7 18. Bd3 Bf7 19. Nd2 Qc7 20. Rc1 Nxd2 21. Qxd2 Bg6 22. Qf4 Qb6 23. b4 a5 24. c5 dxc5 25. Bc4+ Kh8 26. dxc5 Qc6 27. Re6 Qa4 28. Rxg6 axb4 29. axb4 Rad8 30. Rd6 Qxb4 31. Rxd8 Rxd8 32. Qxf5 Qd2 33. Qc2 Qf4 34. Rd1 Rxd1+ 35. Qxd1 Qxc4 36. Qd8+ Qg8 37. Qc7 Qa8 38. Kh2 h6 39. f4 Qa6 40. f5 Kg8 41. Qb6 Qc4 42. Qd6 Qe4 43. f6 g5 44. Qc7 Qf4+ 45. Qxf4 gxf4 46. g3 fxg3+ 47. Kxg3 Kf7 48. Kg4 Kxf6 49. Kf4 Ke6 50. Ke4 Kd7 51. Kd5 Kc7 52. h4 h5 53. Kd4 Kc6 54. Kc4 Kd7 55. Kb5 Kc7 1/2-1/2

[Event "Cali Region-ch U16"]
[Site "Cali"]
[Date "2011.02.11"]
[Round "1.9"]
[White "Hurtado, Wilson David"]
[Black "Ramos Ariza, Juan Manuel"]
[Result "1-0"]
[WhiteElo "1807"]
[BlackElo "1463"]
[PlyCount "117"]
[EventDate "2011.02.11"]
[EventType "swiss"]
[EventRounds "7"]
[EventCountry "COL"]
[SourceTitle "EXT 2024"]
[Source "ChessBase"]
[SourceDate "2023.10.10"]
[SourceVersion "1"]
[SourceVersionDate "2023.10.10"]
[SourceQuality "1"]

1. e4 c5 2. Nf3 d6 3. d4 cxd4 4. Nxd4 Nf6 5. Nc3 a6 6. f3 e6 7. Be3 Be7 8. Qd2 Qc7 9. 0-0-0 b5 10. Kb1 Bb7 11. g4 Nc6 12. h4 Rc8 13. h5 Ne5 14. g5 Nfd7 15. f4 Nc4 16. Bxc4 Qxc4 17. Qd3 b4 18. Nce2 a5 19. Qxc4 Rxc4 20. b3 Rc8 21. Ng3 Nc5 22. Rhe1 Nxe4 23. Nxe4 Bxe4 24. Bc1 d5 25. Kb2 Kd7 26. Rxe4 dxe4 27. Nf5+ Ke8 28. Nxg7+ Kf8 29. h6 Rd8 30. Re1 Bc5 31. Rxe4 Bd4+ 32. Kb1 Bxg7 33. hxg7+ Kxg7 34. Bb2+ Kg6 35. Bxh8 Rxh8 36. Re5 Ra8 37. Kc1 a4 38. Rb5 axb3 39. axb3 Ra1+ 40. Kd2 Rf1 41. Rxb4 Rf2+ 42. Kd3 Rf3+ 43. Ke2 Rg3 44. Rc4 f6 45. Kf2 Rg4 46. f5+ exf5 47. Rxg4 fxg4 48. b4 Kxg5 49. b5 h5 50. b6 h4 51. b7 g3+ 52. Kg1 f5 53. b8Q f4 54. Qe5+ Kg4 55. Qg7+ Kf3 56. Qh6 Kg4 57. Qg6+ Kf3 58. Qh5+ Ke3 59. Qxh4 1-0

[Event "Valle Region-ch U16"]
[Site "Yumbo"]
[Date "2010.02.27"]
[Round "3.8"]
[White "Hurtado, Wilson David"]
[Black "Caicedo, Ronald"]
[Result "1-0"]
[WhiteElo "1807"]
[BlackElo "1533"]
[PlyCount "94"]
[EventDate "2010.02.26"]
[EventType "swiss"]
[EventRounds "7"]
[EventCountry "COL"]
[SourceTitle "EXT 2024"]
[Source "ChessBase"]
[SourceDate "2023.10.10"]
[SourceVersion "1"]
[SourceVersionDate "2023.10.10"]
[SourceQuality "1"]

1. e4 g6 2. d4 Bg7 3. Nf3 e6 4. Nc3 c5 5. Be3 Nc6 6. d5 Bxc3+ 7. bxc3 exd5 8. exd5 Nce7 9. Bxc5 d6 10. Bd4 f6 11. c4 Nf5 12. Bc3 Ngh6 13. Bd3 0-0 14. 0-0 Ng4 15. Nd4 Nxd4 16. Bxd4 Ne5 17. Bxe5 fxe5 18. Qd2 Qf6 19. Qe3 Bf5 20. Bxf5 gxf5 21. c5 f4 22. Qe4 dxc5 23. c4 b6 24. a4 Rae8 25. a5 Qf5 26. Qxf5 Rxf5 27. axb6 axb6 28. Ra6 Rb8 29. Rb1 Rf6 30. Kf1 Kg7 31. Ra7+ Kg6 32. Re7 Rf5 33. Re6+ Rf6 34. Rxe5 b5 35. Rxb5 Rxb5 36. cxb5 Kg7 37. Re6 Rf5 38. b6 Rxd5 39. b7 Rd1+ 40. Re1 Rd8 41. Rb1 Rb8 42. Ke2 Kf6 43. Kd3 Ke6 44. Kc4 Kd6 45. Rb6+ Kc7 46. Kxc5 Rxb7 47. Rxb7+ Kxb7 1-0

[Event "Valle Region-ch U16"]
[Site "Yumbo"]
[Date "2010.02.27"]
[Round "4.5"]
[White "Parra Meza, Brayan"]
[Black "Hurtado, Wilson David"]
[Result "1/2-1/2"]
[WhiteElo "1593"]
[BlackElo "1807"]
[PlyCount "63"]
[EventDate "2010.02.26"]
[EventType "swiss"]
[EventRounds "7"]
[EventCountry "COL"]
[SourceTitle "EXT 2024"]
[Source "ChessBase"]
[SourceDate "2023.10.10"]
[SourceVersion "1"]
[SourceVersionDate "2023.10.10"]
[SourceQuality "1"]

1. e4 e5 2. Nf3 Nf6 3. Nxe5 d6 4. Nf3 Nxe4 5. Nc3 Nxc3 6. dxc3 Be7 7. Be3 Nc6 8. Qd2 Bg4 9. Be2 Qd7 10. 0-0-0 0-0-0 11. Nd4 Bxe2 12. Qxe2 Bf6 13. Qf3 Ne5 14. Qg3 Qg4 15. Rde1 Qxg3 16. hxg3 h6 17. Re2 Rhe8 18. Rhe1 Nc4 19. b3 Nxe3 20. Rxe3 Kd7 21. Kd2 Rxe3 22. Rxe3 h5 23. Nf5 g6 24. Nd4 Rh8 25. Kd3 c5 26. Ne2 Be5 27. b4 Rc8 28. Re4 f5 29. Re3 a5 30. a3 c4+ 31. Kd2 axb4 32. axb4 1/2-1/2

[Event "Valle Region-ch U16"]
[Site "Yumbo"]
[Date "2010.02.26"]
[Round "2.5"]
[White "Ossa, Juan Sebastian"]
[Black "Hurtado, Wilson David"]
[Result "1-0"]
[WhiteElo "1921"]
[BlackElo "1807"]
[PlyCount "53"]
[EventDate "2010.02.26"]
[EventType "swiss"]
[EventRounds "7"]
[EventCountry "COL"]
[SourceTitle "EXT 2024"]
[Source "ChessBase"]
[SourceDate "2023.10.10"]
[SourceVersion "1"]
[SourceVersionDate "2023.10.10"]
[SourceQuality "1"]

1. d4 Nf6 2. Nf3 g6 3. c4 Bg7 4. Nc3 0-0 5. e4 d6 6. Be2 e5 7. 0-0 Nc6 8. d5 Ne7 9. b4 Ne8 10. a4 f5 11. Nd2 Nf6 12. Ba3 Rf7 13. Rc1 Bf8 14. c5 f4 15. cxd6 cxd6 16. Nb5 g5 17. Rc3 Ng6 18. Qc2 g4 19. Rc1 Bd7 20. Nc7 Rc8 21. Ne6 Rxc3 22. Qxc3 Bxe6 23. dxe6 Re7 24. Qc8 Qxc8 25. Rxc8 Ne8 26. Bxg4 Nc7 27. b5 1-0

[Event "Valle Region-ch U14"]
[Site "Cali"]
[Date "2009.11.??"]
[Round "7.3"]
[White "Villamil, Nahum Jose"]
[Black "Hurtado, Wilson David"]
[Result "0-1"]
[WhiteElo "1767"]
[BlackElo "1811"]
[PlyCount "76"]
[EventDate "2009.11.14"]
[EventType "tourn"]
[EventRounds "7"]
[EventCountry "COL"]
[SourceTitle "EXT 2024"]
[Source "ChessBase"]
[SourceDate "2023.10.10"]
[SourceVersion "1"]
[SourceVersionDate "2023.10.10"]
[SourceQuality "1"]

1. e4 e5 2. Nf3 Nf6 3. Nxe5 d6 4. Nf3 Nxe4 5. Nc3 Nxc3 6. dxc3 Be7 7. Be3 Nc6 8. Bd3 Bg4 9. h3 Bh5 10. g4 Bg6 11. Qd2 Qd7 12. 0-0-0 0-0-0 13. Kb1 Kb8 14. Nd4 Ne5 15. Bxg6 hxg6 16. f4 Nc4 17. Qd3 Nxe3 18. Qxe3 Bf6 19. Qf3 Rde8 20. Nb3 Qa4 21. g5 Bd8 22. Rd4 Qc6 23. Qxc6 bxc6 24. Rb4+ Kc8 25. Ra4 Rh4 26. Kc1 Bxg5 27. Rf1 Bf6 28. Rxa7 Rxh3 29. Ra8+ Kd7 30. Rxe8 Kxe8 31. Nd4 Bxd4 32. cxd4 Rh5 33. b4 c5 34. c3 cxd4 35. cxd4 Kd7 36. Kc2 Rh2+ 37. Kb3 Rd2 38. a4 Rxd4 0-1

[Event "COL-ch U16"]
[Site "Cali"]
[Date "2009.05.22"]
[Round "5"]
[White "Hurtado, Wilson David"]
[Black "Juez, Jose Yesid"]
[Result "0-1"]
[WhiteElo "1769"]
[BlackElo "2004"]
[PlyCount "60"]
[EventDate "2009.05.21"]
[EventType "swiss"]
[EventRounds "7"]
[EventCountry "COL"]
[SourceTitle "EXT 2011"]
[Source "ChessBase"]
[SourceDate "2010.11.26"]
[SourceVersion "1"]
[SourceVersionDate "2010.11.26"]
[SourceQuality "1"]

1. e4 c5 2. Nf3 Nc6 3. d4 cxd4 4. Nxd4 Nf6 5. Nc3 e5 6. Ndb5 d6 7. Bg5 a6 8. Bxf6 gxf6 9. Na3 b5 10. Nd5 Bg7 11. c4 b4 12. Qa4 0-0 13. Qxc6 bxa3 14. b4 Be6 15. Qa4 f5 16. exf5 Bxd5 17. cxd5 e4 18. Rc1 Bb2 19. Rc6 e3 20. fxe3 Qh4+ 21. g3 Qe4 22. Bxa6 Qxh1+ 23. Kf2 Qxh2+ 24. Kf3 Qh1+ 25. Kg4 f6 26. e4 Qxe4+ 27. Kh3 Qxf5+ 28. Kg2 Qxd5+ 29. Kh3 Qh1+ 30. Kg4 f5+ 0-1

[Event "COL-ch U16"]
[Site "Cali"]
[Date "2009.05.21"]
[Round "2"]
[White "Hurtado, Wilson David"]
[Black "Rendon, Daniel"]
[Result "1-0"]
[WhiteElo "1769"]
[BlackElo "2021"]
[PlyCount "65"]
[EventDate "2009.05.21"]
[EventType "swiss"]
[EventRounds "7"]
[EventCountry "COL"]
[SourceTitle "EXT 2011"]
[Source "ChessBase"]
[SourceDate "2010.11.26"]
[SourceVersion "1"]
[SourceVersionDate "2010.11.26"]
[SourceQuality "1"]

1. e4 e5 2. Nf3 Nc6 3. Bc4 Bc5 4. c3 Nf6 5. d3 d6 6. h3 Be6 7. Bb5 Bd7 8. Ba4 h6 9. Nbd2 0-0 10. Nf1 Re8 11. Ng3 d5 12. 0-0 Qe7 13. Nh4 g6 14. Bxh6 Nxe4 15. dxe4 Qxh4 16. Qxd5 Bd6 17. Be3 Rad8 18. Qb3 Na5 19. Qc2 Nc4 20. Bxd7 Nxe3 21. fxe3 Rxd7 22. Rf3 f5 23. Qb3+ Kh8 24. Qxb7 f4 25. exf4 exf4 26. Ne2 Rde7 27. Raf1 Rxe4 28. Nd4 Bc5 29. Qxc7 Bb6 30. Qd6 R8e6 31. Qf8+ Kh7 32. Rxf4 Rxf4 33. Rxf4 1-0

[Event "COL-ch U12"]
[Site "Bogota"]
[Date "2009.04.06"]
[Round "7.6"]
[White "Hurtado, Wilson David"]
[Black "Rodriguez Velasco, German Enrique"]
[Result "1/2-1/2"]
[WhiteElo "1769"]
[BlackElo "2055"]
[PlyCount "45"]
[EventDate "2009.04.03"]
[EventType "swiss"]
[EventRounds "7"]
[EventCountry "COL"]
[SourceTitle "EXT 2024"]
[Source "ChessBase"]
[SourceDate "2023.10.10"]
[SourceVersion "1"]
[SourceVersionDate "2023.10.10"]
[SourceQuality "1"]

1. e4 c5 2. Nf3 e6 3. d4 cxd4 4. Nxd4 a6 5. Nc3 Qc7 6. f3 Nf6 7. a3 b5 8. Bd2 Nc6 9. Nb3 Bb7 10. Bd3 Be7 11. 0-0 0-0 12. f4 d6 13. Qf3 b4 14. axb4 Nxb4 15. Rae1 Nxd3 16. Qxd3 a5 17. Qe3 a4 18. Nd4 Ba6 19. Nce2 e5 20. Nf5 Rfe8 21. Qg3 Bf8 22. fxe5 Nxe4 23. Qg4 1/2-1/2